000 00661nam a2200181 i 4500
001 166154
003 ES-MaACL
005 20250815013654.0
008 050908s1900 sp |||| | spa d
080 _a821.134.2-32"19"
100 1 _aTerán, Luis de,
_d1864-1935
_9109725
245 1 0 _aVioletas :
_bcuentos reales y fantásticos /
_cLuis de Terán ; con prólogo de Jacinto Benavente.
260 _aMadrid :
_b[s.n.],
_c1900 (
_fImp. del Asilo de Huérfanos)
300 _a212 p. ;
_c18 cm.
700 1 _aBenavente, Jacinto,
_d1866-1954
_927443
852 4 _aES-MaACL
_jG-11143
_z- Enc. hol., conservando cub. original
999 _c166154
_d166154